[Event "Kiev-ch"]
[Site "Kiev"]
[Date "2008.01.21"]
[Round "3"]
[White "Gerber, Vladimir"]
[Black "Malienko, Alexander"]
[Result "1-0"]
[WhiteElo "2130"]
[BlackElo "2209"]
[PlyCount "109"]
[EventDate "2008.01.19"]
[EventType "swiss"]
[EventRounds "11"]
[EventCountry "UKR"]
[SourceTitle "CBM 122 Extra"]
[Source "ChessBase"]
[SourceDate "2008.03.04"]
[SourceVersion "1"]
[SourceVersionDate "2008.03.04"]
[SourceQuality "1"]

1. d4 Nf6 2. Nc3 d5 3. Bg5 Nbd7 4. e3 c6 5. Nf3 Qb6 6. Bxf6 exf6 7. a3 Bd6 8. Bd3 0-0 9. 0-0 Re8 10. Qd2 Nf8 11. e4 Bg4 12. Nh4 Qxd4 13. exd5 g6 14. g3 Nd7 15. dxc6 bxc6 16. Rfe1 Ne5 17. Re4 Qb6 18. Na4 Qc7 19. Rae1 f5 20. R4e3 Red8 21. Qc3 Nxd3 22. Rxd3 f4 23. Nc5 fxg3 24. hxg3 Be7 25. Qc4 Rxd3 26. Nxd3 Be6 27. Rxe6 fxe6 28. Qxe6+ Kg7 29. Ng2 Qd6 30. Qe3 Bf6 31. Ngf4 Kg8 32. Qe4 Rf8 33. b4 Kh8 34. c4 Qd7 35. Nc5 Qe8 36. Nfe6 Rf7 37. Kg2 Re7 38. g4 Kg8 39. a4 Kf7 40. g5 Ba1 41. Qf4+ Kg8 42. Qd6 Bc3 43. b5 cxb5 44. cxb5 Qa8+ 45. f3 Rf7 46. Ne4 Qc8 47. Nxc3 Rd7 48. Qc6 Rd2+ 49. Kg3 Qxc6 50. bxc6 Rc2 51. Nd5 Kf7 52. Nd4 Rc4 53. c7 Ke8 54. Nb5 Kd7 55. Nxa7 1-0

[Event "Kiev Independence Cup-A 7th"]
[Site "Kiev"]
[Date "2007.08.21"]
[Round "9"]
[White "Malienko, Alexander"]
[Black "Burdalev, Kirill"]
[Result "1/2-1/2"]
[WhiteElo "2240"]
[BlackElo "2169"]
[PlyCount "24"]
[EventDate "2007.08.13"]
[EventType "swiss"]
[EventRounds "11"]
[EventCountry "UKR"]
[SourceTitle "CBM 119 Extra"]
[Source "ChessBase"]
[SourceDate "2007.09.04"]
[SourceVersion "1"]
[SourceVersionDate "2007.09.04"]
[SourceQuality "1"]

1. d4 d5 2. Nc3 Bf5 3. f3 e6 4. e4 dxe4 5. fxe4 Bg6 6. Nf3 Nf6 7. Bg5 Be7 8. Qe2 c6 9. 0-0-0 Nbd7 10. d5 Nxd5 11. exd5 Bxg5+ 12. Kb1 cxd5 1/2-1/2

[Event "Kiev Independence Cup-A 7th"]
[Site "Kiev"]
[Date "2007.08.14"]
[Round "2"]
[White "Lebed, Petr"]
[Black "Malienko, Alexander"]
[Result "0-1"]
[WhiteElo "2069"]
[BlackElo "2240"]
[PlyCount "58"]
[EventDate "2007.08.13"]
[EventType "swiss"]
[EventRounds "11"]
[EventCountry "UKR"]
[SourceTitle "CBM 119 Extra"]
[Source "ChessBase"]
[SourceDate "2007.09.04"]
[SourceVersion "1"]
[SourceVersionDate "2007.09.04"]
[SourceQuality "1"]

1. Nf3 Nf6 2. c4 c5 3. Nc3 e6 4. g3 Nc6 5. Bg2 d5 6. cxd5 exd5 7. d4 h6 8. 0-0 Be6 9. Qa4 Qd7 10. Rd1 Rd8 11. Bf4 cxd4 12. Nb5 Be7 13. Nc7+ Kf8 14. Nxe6+ fxe6 15. Bh3 g5 16. Bxg5 hxg5 17. Nxg5 Ng4 18. Bxg4 Bxg5 19. h4 Bf6 20. Rd3 Kf7 21. Rad1 Rdg8 22. f3 Qc7 23. Kf2 Rxh4 24. Rg1 Rh2+ 25. Ke1 Ne5 26. Rxd4 Rxg4 27. fxg4 Nf3+ 28. Kd1 Nxd4 29. g5 b5 0-1

[Event "Kiev-ch"]
[Site "Kiev"]
[Date "2007.01.24"]
[Round "5"]
[White "Malienko, Alexander"]
[Black "Kruglyakov, Pavlo"]
[Result "1-0"]
[WhiteElo "2233"]
[BlackElo "2289"]
[PlyCount "61"]
[EventDate "2007.01.20"]
[EventType "swiss"]
[EventRounds "11"]
[EventCountry "UKR"]
[SourceTitle "CBM 116 Extra"]
[Source "ChessBase"]
[SourceDate "2007.03.07"]
[SourceVersion "1"]
[SourceVersionDate "2007.03.07"]
[SourceQuality "1"]

1. e4 e6 2. d4 d5 3. e5 c5 4. c3 Nc6 5. Nf3 Bd7 6. dxc5 Qc7 7. Bf4 Bxc5 8. Bd3 g5 9. Nxg5 Nxe5 10. 0-0 Nf6 11. Na3 Bd6 12. Nb5 Bxb5 13. Bxb5+ Ke7 14. Bxe5 Bxe5 15. Nf3 Bd6 16. Qe2 Rag8 17. Rae1 h5 18. h3 h4 19. Kh1 Nh5 20. Rg1 Nf4 21. Qd2 a6 22. Be2 Bc5 23. Bd1 f6 24. Nd4 Ba7 25. Nxe6 Nxe6 26. Qxd5 Qd6 27. Qxb7+ Qd7 28. Rxe6+ Kxe6 29. Bb3+ Ke7 30. Re1+ Kd8 31. Qa8+ 1-0